Personnalités au hasard #52 - Statistiques

Statistiques générales
  • Ce quiz a été pris 145 fois
  • Le résultat moyen est 10 sur 32
Statistiques - réponses
Par images Réponse % Correct
Daniel Craig
79%
Camille Lellouche
74%
Isabelle Nanty
70%
Theodort
65%
Dayot Upamecano
61%
Florian Thauvin
60%
Jean-Marc Généreux
58%
Marcus Thuram
56%
William Saliba
54%
Feldup
50%
Jérémy Frérot
47%
Nick Jonas
47%
Horty
46%
Vaimalama Chaves
37%
Michael Goldman
35%
Christophe Licata
34%
Yvan Attal
27%
Arthur Fils
26%
J. Cole
25%
Stanislas Rigault
14%
Tracy Chapman
12%
Anne Parillaud
8%
Eugénie Bastié
8%
Bernard Guetta
7%
Mia Frye
7%
Umberto Tozzi
7%
Abdelmadjid Tebboune
5%
Julia Cagé
3%
Toto Cutugno
3%
Chloé Morin
2%
Eric Prydz
2%
Robert Boulin
2%
Aucun quiz correspondant
Distribution des résultats
% des personnes avec chaque résultat
Percentile par nombre de réponses
Votre historique - résultats
Vous n’avez pas pris ce quiz